Gdzie lub w jakich okolicznościach zapalamy świecę? - Statystyki

Ogólne statystyki
  • Ten quiz został rozwiązany 5 razy
  • Średni wynik to 2 z 6
Statystyki odpowiedzi
Hint Odpowiedź % Poprawnych
1. Na Grobie
80%
2. Na Torcie
60%
6. Gdy Zabraknie prądu
20%
3. Na Chrzcie
20%
5. Na Kolacji
20%
4. Na Komunii
20%
Nie znaleziono quizów pasujących do podanych kryteriów
Rozkład punktacji
Procent ludzi z każdym wynikiem
Percentyl według liczby udzielonych odpowiedzi
Twoja historia wyników
Nie rozwiązałeś tego quizu